[Event "Naleczow"]
[Site "Naleczow"]
[Date "1979.??.??"]
[Round "3"]
[White "Ghinda, Mihail Viorel"]
[Black "Tseitlin, Mikhail S"]
[Result "1/2-1/2"]
[WhiteElo "2455"]
[BlackElo "2505"]
[PlyCount "35"]
[EventDate "1979.07.??"]
[Source "ChessBase"]

1. d4 Nf6 2. c4 e5 3. dxe5 Ng4 4. Nf3 Nc6 5. Bf4 Bb4+ 6. Nbd2 Qe7 7. a3 Ngxe5 8. Nxe5 Nxe5 9. e3 Bxd2+ 10. Qxd2 d6 11. Qd5 O-O 12. c5 Ng6 13. cxd6 Qf6 14. O-O-O Nxf4 15. exf4 Qxf4+ 16. Qd2 Qxd2+ 17. Rxd2 cxd6 18. Rxd6 1/2-1/2

[Event "Berga Open"]
[Site "Berga"]
[Date "1994.??.??"]
[Round "4"]
[White "Marin, Mihail"]
[Black "Anagnostopoulos, Dimitrios"]
[Result "0-1"]
[WhiteElo "2530"]
[BlackElo "2425"]
[PlyCount "58"]
[EventDate "1994.??.??"]
[Source "www.chesslib.no"]
[SourceDate "2004.05.04"]

1. d4 Nf6 2. c4 e5 3. dxe5 Ng4 4. Nf3 Bc5 5. e3 Nc6 6. a3 a5 7. b3 O-O 8. Bb2 Re8 9. Bd3 d6 10. Qc2 h6 11. Nc3 Ncxe5 12. Nxe5 Nxe5 13. O-O-O Nxd3+ 14. Qxd3 Bg4 15. Rd2 Bh5 16. Nd5 Bg6 17. Qc3 f6 18. g4 Be4 19. Rg1 c6 20. Nf4 b5 21. cxb5 cxb5 22. b4 axb4 23. axb4 Ra4 24. g5 Rxb4 25. gxf6 Rc4 26. Rxg7+ Kf8 27. Qxc4 bxc4 28. f3 Bxe3 29. fxe4 Bxf4 0-1

[Event "Budapest"]
[Site "Budapest"]
[Date "1987.??.??"]
[Round "11"]
[White "Lukacs, Peter"]
[Black "Conquest, Stuart"]
[Result "1-0"]
[WhiteElo "2500"]
[BlackElo "2445"]
[PlyCount "83"]
[EventDate "1987.05.??"]
[Source "www.chesslib.no"]
[SourceDate "2004.05.04"]

1. d4 Nf6 2. c4 e5 3. dxe5 Ng4 4. Nf3 Bc5 5. e3 Nc6 6. Be2 O-O 7. O-O Ngxe5 8. Nc3 Re8 9. b3 a5 10. Bb2 Nxf3+ 11. Bxf3 Ne5 12. Be2 Ra6 13. Na4 Bf8 14. f4 Nc6 15. Qd2 Ra8 16. Bf3 d6 17. Rad1 Bd7 18. Nc3 Qb8 19. Kh1 Nb4 20. c5 Bc6 21. cxd6 Bxd6 22. Bxc6 bxc6 23. Qe2 Re6 24. e4 Qe8 25. e5 Bf8 26. Qc4 Rh6 27. Rd2 Qe7 28. g3 a4 29. a3 Nd5 30. Nxd5 cxd5 31. Qxd5 c6 32. Qc4 Qb7 33. bxa4 c5+ 34. Kg1 Rb6 35. Bc3 Rb3 36. Rfd1 Rxa3 37. a5 Rb8 38. e6 fxe6 39. Rb2 Rb3 40. Rdb1 Rxb2 41. Rxb2 Qc8 42. f5 1-0

[Event "Borsodtavho"]
[Site "Borsodtavho"]
[Date "1991.??.??"]
[Round "7"]
[White "Horvath, Jozsef"]
[Black "Lendwai, Reinhard"]
[Result "1-0"]
[WhiteElo "2540"]
[BlackElo "2405"]
[PlyCount "149"]
[EventDate "1991.05.??"]
[Source "ChessBase"]

1. d4 Nf6 2. c4 e5 3. dxe5 Ng4 4. Nf3 Bc5 5. e3 Nc6 6. Be2 O-O 7. b3 Re8 8. Nc3 Ngxe5 9. Nxe5 Nxe5 10. Bb2 a5 11. O-O Ra6 12. Ne4 Ba7 13. c5 Rh6 14. f4 Nc6 15. Ng5 Qe7 16. Bc4 Nd8 17. Kh1 Bxc5 18. e4 d6 19. Qf3 Ne6 20. Rae1 c6 21. a3 Rf8 22. Bxe6 fxe6 23. Qc3 Bb6 24. Rd1 Rg6 25. Qh3 h6 26. Qh5 Qe8 27. Nf3 Rxf4 28. Nh4 Rxh4 29. Qxh4 e5 30. Rd3 Bd8 31. Qe1 Kh7 32. Bc3 Rg4 33. Bxa5 Bxa5 34. Qxa5 Qg6 35. Qd2 Rxe4 36. Rxd6 Qh5 37. Rd8 Bf5 38. Qd6 Rh4 39. Qxe5 Re4 40. Qd6 Qe2 41. Qd1 Qb5 42. Rf8 Bg6 43. h3 Re6 44. b4 Be4 45. R1f4 Qg5 46. Rg4 Qe7 47. Qd8 Bxg2+ 48. Kh2 Qxd8 49. Rxd8 Bf3 50. Rg3 Bd5 51. Rd7 h5 52. Rgxg7+ Kh6 53. Rde7 Rf6 54. Rh7+ Kg5 55. Reg7+ Kf4 56. Rxh5 b5 57. Rg3 Bf3 58. Rh8 Ke3 59. h4 Kf2 60. Kh3 Bd5 61. Kh2 Bf3 62. h5 Rf4 63. h6 Be4 64. Rh3 Rg4 65. Rf8+ Ke2 66. Rh5 Rg2+ 67. Kh3 Rg1 68. Kh4 Ke3 69. Re8 Kf4 70. Rxe4+ Kxe4 71. Rc5 Rh1+ 72. Kg5 Rh3 73. Kg6 Rxa3 74. h7 Ra8 75. Rh5 1-0

[Event "XIX Czech Oce Open"]
[Site "Pardubice CEC"]
[Date "2008.07.12"]
[Round "4"]
[White "Bernasek, J."]
[Black "Potapov, Alexa1"]
[Result "0-1"]
[WhiteElo "2491"]
[BlackElo "2451"]
[PlyCount "138"]
[EventDate "2008.07.10"]
[Source "www.chesslib.no"]
[SourceDate "2004.05.04"]

1. d4 Nf6 2. c4 e5 3. dxe5 Ng4 4. Nf3 Bc5 5. e3 Nc6 6. Be2 Ngxe5 7. Nbd2 O-O 8. Nxe5 Nxe5 9. Nf3 Qe7 10. Bd2 a5 11. O-O Ra6 12. Nxe5 Qxe5 13. Bc3 Qe7 14. g3 Rd6 15. Qc2 Rh6 16. Bf3 Qe6 17. Bg2 Qxc4 18. Rfc1 Bb6 19. Bd4 Qxc2 20. Rxc2 Bxd4 21. exd4 c6 22. d5 Re8 23. Rac1 Kf8 24. a3 a4 25. h4 Rg6 26. Bf3 Re5 27. Kg2 Ke7 28. Rd2 Rd6 29. Rd4 b5 30. Rg4 g6 31. Rb4 Bb7 32. b3 axb3 33. Rxb3 h5 34. a4 Kf6 35. axb5 cxb5 36. Rxb5 Bxd5 37. Bxd5 Rexd5 38. Rb3 Rd3 39. Rb7 Rd2 40. Rb3 Ke7 41. Rf3 R6d3 42. Rc7 Ke6 43. Rb7 Rxf3 44. Kxf3 Kf5 45. Ke3 Rd5 46. Kf3 f6 47. Ra7 g5 48. Ra4 Rc5 49. hxg5 fxg5 50. Ra8 Rc3+ 51. Kg2 Rc5 52. Rh8 Kg6 53. Kf3 Rf5+ 54. Kg2 Rf7 55. Rg8+ Kf5 56. Rh8 Kg4 57. Rh6 d5 58. Rd6 Rf5 59. Ra6 Re5 60. Ra4+ Kf5 61. f4 gxf4 62. Rxf4+ Ke6 63. Rf8 Rf5 64. Re8+ Kd6 65. Kh3 d4 66. Ra8 Ke5 67. g4 hxg4+ 68. Kxg4 Rf7 69. Re8+ Kd5 0-1

[Event "Sandomierz"]
[Site "Sandomierz"]
[Date "1976.??.??"]
[Round "?"]
[White "Knaak, Rainer F A"]
[Black "Adamski, Jan"]
[Result "1-0"]
[WhiteElo "2520"]
[BlackElo "2415"]
[PlyCount "93"]
[EventDate "1976.??.??"]
[Source "www.chesslib.no"]
[SourceDate "2004.05.04"]

1. d4 Nf6 2. c4 e5 3. dxe5 Ng4 4. Nf3 Nc6 5. e3 Bb4+ 6. Nbd2 Ngxe5 7. Nxe5 Nxe5 8. Be2 Qh4 9. O-O O-O 10. Nb3 Re8 11. Nd4 Nc6 12. Nf5 Qf6 13. Ng3 Bd6 14. Nh5 Qe7 15. a3 a5 16. Bd2 Qe5 17. f4 Qxb2 18. Rb1 Qxa3 19. Rb3 Qa4 20. Bd3 Bf8 21. Bc3 Re6 22. f5 Re5 23. Rf4 d6 24. Rg4 Kh8 25. c5 Nb4 26. Bxe5 dxe5 27. Nxg7 Qc6 28. Nh5 Qxc5 29. Be4 Qd6 30. Qe1 Bd7 31. h3 Qh6 32. Rh4 Bc6 33. Bxc6 Nxc6 34. Rxb7 Bd6 35. Rb1 Bc5 36. Kh1 Qxe3 37. Nf6 Qxe1+ 38. Rxe1 Kg7 39. Nh5+ Kh6 40. Ng3+ Kg7 41. Rc1 a4 42. Rxc5 a3 43. Rxc6 a2 44. Rg4+ Kf8 45. Rc1 a1=Q 46. Rxa1 Rxa1+ 47. Kh2 1-0

[Event "AUT Team Ch"]
[Site "Austria"]
[Date "1994.??.??"]
[Round "?"]
[White "Farago, Ivan"]
[Black "Mohr, Georg"]
[Result "1/2-1/2"]
[WhiteElo "2515"]
[BlackElo "2420"]
[PlyCount "75"]
[EventDate "1994.??.??"]
[Source "www.chesslib.no"]
[SourceDate "2004.05.04"]

1. d4 Nf6 2. c4 e5 3. dxe5 Ng4 4. Nf3 Bc5 5. e3 Nc6 6. Nc3 O-O 7. Be2 Re8 8. b3 Ngxe5 9. Bb2 Nxf3+ 10. Bxf3 Ne5 11. Be2 a5 12. O-O Ra6 13. Na4 Bf8 14. Qd5 Qe7 15. Rad1 Rh6 16. Qxe5 Qxe5 17. Bxe5 Rxe5 18. Bg4 f5 19. f4 Rxe3 20. Bxf5 Rd6 21. c5 Rxd1 22. Rxd1 Re7 23. Bh3 Kf7 24. Rc1 Ke8 25. Kf2 Kd8 26. Nb2 g6 27. Nd3 Bg7 28. Re1 Bd4+ 29. Kf1 b6 30. cxb6 Bxb6 31. Rxe7 Kxe7 32. Ne5 Ba6+ 33. Ke1 d6 34. Nc4 Bc5 35. Bg4 a4 36. f5 d5 37. Nd2 axb3 38. axb3 1/2-1/2

[Event "URS Team Ch"]
[Site "Azov"]
[Date "1991.??.??"]
[Round "?"]
[White "Agrest, Evgenij"]
[Black "Nevednichy, Vladislav"]
[Result "1-0"]
[WhiteElo "2480"]
[BlackElo "2455"]
[PlyCount "77"]
[EventDate "1991.??.??"]
[Source "www.chesslib.no"]
[SourceDate "2004.05.04"]

1. d4 Nf6 2. c4 e5 3. dxe5 Ng4 4. Nf3 Bc5 5. e3 Nc6 6. Nc3 Ncxe5 7. Nxe5 Nxe5 8. Be2 O-O 9. O-O Re8 10. Nd5 a5 11. f4 Nc6 12. Bd3 Nb4 13. Nxb4 Bxb4 14. a3 Bf8 15. Qf3 d6 16. Bd2 Be7 17. g4 c6 18. Rad1 Bf6 19. Bc1 Bxg4 20. Bxh7+ Kxh7 21. Qxg4 Kg8 22. f5 Re5 23. Rf3 Qd7 24. Rdf1 Rae8 25. Rh3 Re4 26. Qh5 Kf8 27. Bd2 Bxb2 28. Bxa5 Bf6 29. c5 d5 30. Be1 Rc4 31. Bg3 Rxc5 32. Bh4 Ke7 33. Rg3 Rc4 34. Rxg7 Rf8 35. Bxf6+ Kxf6 36. Qg5+ Ke5 37. Rh7 Kd6 38. Qh6+ Ke7 39. f6+ 1-0

[Event "IV Campionato UE"]
[Site "Liverpool ING"]
[Date "2008.09.15"]
[Round "7"]
[White "Estremera Panos, S."]
[Black "Miezis, N."]
[Result "1/2-1/2"]
[WhiteElo "2394"]
[BlackElo "2540"]
[PlyCount "77"]
[EventDate "2008.09.09"]
[Source "www.chesslib.no"]
[SourceDate "2004.05.04"]

1. d4 Nf6 2. c4 e5 3. dxe5 Ng4 4. Nf3 Bc5 5. e3 Nc6 6. a3 a5 7. Nc3 Ngxe5 8. Nxe5 Nxe5 9. f4 Ng6 10. Bd3 d6 11. O-O f5 12. Rb1 O-O 13. b4 axb4 14. axb4 Bb6 15. Kh1 Be6 16. Rf3 Qd7 17. Rh3 Rf7 18. Qh5 Nf8 19. Rg3 c6 20. Bb2 Bd8 21. e4 Ng6 22. Rh3 Nf8 23. Rg3 fxe4 24. Nxe4 Ng6 25. Ng5 Bxg5 26. Rxg5 Rxf4 27. Bxg6 hxg6 28. Rxg6 Raf8 29. h3 R4f7 30. Re1 Bf5 31. Rg3 d5 32. cxd5 cxd5 33. Bd4 Be4 34. Kh2 Qc7 35. Be5 Qe7 36. Bd4 Qc7 37. Be5 Qe7 38. Bd4 Qc7 39. Be5 1/2-1/2

[Event "CSR Ch"]
[Site "Prague CZE"]
[Date "1986.??.??"]
[Round "9"]
[White "Ftacnik, Lubomir"]
[Black "Blatny, Pavel"]
[Result "1/2-1/2"]
[WhiteElo "2515"]
[BlackElo "2415"]
[PlyCount "105"]
[EventDate "1986.06.??"]
[Source "www.chesslib.no"]
[SourceDate "2004.05.04"]

1. d4 Nf6 2. c4 e5 3. dxe5 Ng4 4. Nf3 Bc5 5. e3 Nc6 6. Bd2 O-O 7. Bc3 Re8 8. Nbd2 a5 9. Bd3 Bb4 10. Qc2 g6 11. e6 dxe6 12. Be4 Bd7 13. h3 Nf6 14. O-O Qe7 15. Bxc6 Bxc6 16. Ne5 Ra6 17. Rad1 Nd7 18. Nxd7 Bxd7 19. Bf6 Qf8 20. Ne4 Bc6 21. Be5 Bxe4 22. Qxe4 Rc6 23. Rd7 Re7 24. Rfd1 Bd6 25. R1xd6 cxd6 26. Bxd6 Rxd7 27. Bxf8 Kxf8 28. b3 Rcd6 29. Qe5 a4 30. b4 Rd1+ 31. Kh2 R1d2 32. Qb5 a3 33. c5 Ke7 34. Qc4 Rb2 35. b5 Rdd2 36. c6 bxc6 37. bxc6 Rxf2 38. Qc5+ Kf6 39. Qd4+ e5 40. Qd6+ Kf5 41. c7 Rxg2+ 42. Kh1 Rgc2 43. c8=Q+ Rxc8 44. Qd7+ Kg5 45. Qg4+ Kf6 46. Qxc8 Rxa2 47. Qd8+ Kg7 48. Qe7 Rf2 49. Qxe5+ Kh6 50. Kg1 Rd2 51. Qf4+ Kg7 52. Qe5+ Kh6 53. Qf4+ 1/2-1/2

[Event "Ch"]
[Site "Ch Czechoslovakia"]
[Date "1986.??.??"]
[Round "?"]
[White "Ftacnik, Lubomir"]
[Black "Blatny, Pavel"]
[Result "1/2-1/2"]
[WhiteElo "2515"]
[BlackElo "2415"]
[PlyCount "48"]
[EventDate "1986.??.??"]
[Source "www.chesslib.no"]
[SourceDate "2004.05.04"]

1. d4 Nf6 2. c4 e5 3. dxe5 Ng4 4. Nf3 Bc5 5. e3 Nc6 6. Bd2 O-O 7. Bc3 Re8 8. Nbd2 a5 9. Bd3 Bb4 10. Qc2 g6 11. e6 dxe6 12. Be4 Bd7 13. h3 Nf6 14. O-O Qe7 15. Bxc6 Bxc6 16. Ne5 Bd7 17. Ne4 Bc6 18. Rfd1 Bd6 19. Rxd6 cxd6 20. b3 a4 21. b4 a3 22. c5 b5 23. Kh1 Qd7 24. Kg1 Kg7 1/2-1/2

[Event "Agzamov Memorial"]
[Site "Tashkent UZB"]
[Date "1986.??.??"]
[Round "3"]
[White "Lerner, Konstantin Z"]
[Black "Epishin, Vladimir V"]
[Result "1/2-1/2"]
[WhiteElo "2560"]
[BlackElo "2370"]
[PlyCount "104"]
[EventDate "1986.??.??"]
[Source "www.chesslib.no"]
[SourceDate "2004.05.04"]

1. d4 Nf6 2. c4 e5 3. dxe5 Ng4 4. Nf3 Nc6 5. Nc3 Bc5 6. e3 Ngxe5 7. Be2 O-O 8. O-O Nxf3+ 9. Bxf3 Ne5 10. Be2 Re8 11. b3 a5 12. Ne4 Bf8 13. f4 Nc6 14. Bf3 Ra6 15. Bb2 Ne7 16. Qd3 h6 17. Ng3 Ng6 18. Bd4 Nh4 19. Rae1 Nxf3+ 20. Rxf3 d5 21. c5 Rc6 22. Qb5 Bd7 23. Qxa5 Qa8 24. Qd2 b6 25. cxb6 cxb6 26. f5 Qa5 27. Qxa5 bxa5 28. Nh5 f6 29. g4 Bd6 30. Rd1 Kf7 31. Rd2 Bb4 32. Rdf2 Bd6 33. Nf4 Re4 34. h3 Rc1+ 35. Kg2 Bb5 36. Ne2 Bxe2 37. Rxe2 Be5 38. Bxe5 fxe5 39. Rd2 Rc5 40. Rd3 a4 41. Rf2 Kf6 42. Rfd2 axb3 43. axb3 h5 44. Kf3 hxg4+ 45. hxg4 Kg5 46. Rxd5 Rxd5 47. Rxd5 Rxg4 48. e4 Rh4 49. Rd7 Rh3+ 50. Kg2 Rxb3 51. Rxg7+ Kf4 52. f6 Rb6 1/2-1/2

[Event "Tallinn"]
[Site "Tallinn"]
[Date "1985.??.??"]
[Round "?"]
[White "Karolyi, Tibor Jr"]
[Black "Rogers, Ian"]
[Result "1/2-1/2"]
[WhiteElo "2445"]
[BlackElo "2485"]
[PlyCount "53"]
[EventDate "1985.02.??"]
[Source "ChessBase"]

1. d4 Nf6 2. c4 e5 3. dxe5 Ng4 4. Nf3 Bc5 5. e3 Nc6 6. Nc3 Ngxe5 7. Be2 Nxf3+ 8. Bxf3 O-O 9. O-O Ne5 10. Be2 d6 11. Na4 Bb6 12. b3 Qh4 13. Nxb6 axb6 14. Bb2 Re8 15. Qd4 Qxd4 16. Bxd4 Bg4 17. Bxg4 Nxg4 18. a4 f5 19. h3 Ne5 20. Rfd1 Kf7 21. Kh2 g6 22. Kg3 Nd7 23. Kf3 h5 24. g4 fxg4+ 25. hxg4 Ne5+ 26. Bxe5 Rxe5 27. Rd4 1/2-1/2

[Event "Moscow II"]
[Site "?"]
[Date "1987.??.??"]
[Round "?"]
[White "Vyzmanavin, A."]
[Black "Kotronias, V."]
[Result "0-1"]
[WhiteElo "2485"]
[BlackElo "2440"]
[PlyCount "69"]
[EventDate "1987.??.??"]
[Source "ChessBase"]
[SourceDate "1987.07.01"]

1. d4 Nf6 2. c4 e5 3. dxe5 Ng4 4. Nf3 Bc5 5. e3 Nc6 6. Be2 Ngxe5 7. Nxe5 Nxe5 8. O-O O-O 9. Nc3 Re8 10. b3 d6 11. Bb2 Re6 12. g3 a5 13. Kh1 b6 14. e4 Rg6 15. f4 Ng4 16. f5 Ne3 17. Qd3 Rh6 18. Rf4 Qg5 19. Rg1 Bb7 20. Bf3 Rh3 21. Na4 Qh6 22. Rh4 Rxh4 23. gxh4 Qf4 24. Rg3 Re8 25. Nxc5 bxc5 26. Bxg7 Ng4 27. Qf1 Bxe4 28. Bc3 h5 29. Kg1 Qe3+ 30. Kh1 Qxc3 31. Bxe4 Qd4 32. Bf3 Kh8 33. h3 Qc3 34. Rg1 Re3 35. hxg4 0-1

[Event "Budapest FS07 GM"]
[Site "Budapest"]
[Date "1994.??.??"]
[Round "6"]
[White "Dao Thien Hai"]
[Black "Szabolcsi, Janos"]
[Result "0-1"]
[WhiteElo "2475"]
[BlackElo "2450"]
[PlyCount "96"]
[EventDate "1994.07.??"]
[Source "ChessBase"]

1. d4 Nf6 2. c4 e5 3. dxe5 Ng4 4. Nf3 Nc6 5. Bf4 Bb4+ 6. Nc3 Qe7 7. Qd5 f6 8. e3 fxe5 9. Bg5 Bxc3+ 10. bxc3 Qa3 11. Qd2 O-O 12. Bd3 Nf6 13. Bxf6 gxf6 14. Nh4 Ne7 15. Qc2 Rf7 16. Rb1 d6 17. O-O Qc5 18. Rb5 Qc6 19. Be4 Qxc4 20. Rb4 Qc5 21. Bxb7 Bxb7 22. Rxb7 f5 23. Qb3 Kg7 24. Nf3 h6 25. Rd1 Kf6 26. Rb5 Qc6 27. Rxe5 dxe5 28. Nxe5 Qe8 29. Nxf7 Rb8 30. Qa3 Qxf7 31. Qxa7 Qd5 32. Rf1 Rg8 33. g3 Qc6 34. Qd4+ Kf7 35. Rd1 Ra8 36. h4 Rxa2 37. Qh8 Qf6 38. Qh7+ Ke8 39. Rb1 Ra8 40. e4 Kd7 41. e5 Qg6 42. e6+ Qxe6 43. Rd1+ Kc6 44. Qg7 f4 45. Qd4 fxg3 46. fxg3 Nf5 47. Qf2 Nxg3 48. Qf3+ Ne4 0-1

[Event "Biel Open"]
[Site "Biel SUI"]
[Date "1991.??.??"]
[Round "10"]
[White "Flear, Glenn C"]
[Black "Kostic, Nebojsa"]
[Result "1-0"]
[WhiteElo "2515"]
[BlackElo "2400"]
[PlyCount "33"]
[EventDate "1991.07.??"]
[Source "www.chesslib.no"]
[SourceDate "2004.05.04"]

1. d4 Nf6 2. c4 e5 3. dxe5 Ng4 4. Nf3 Bc5 5. e3 Nc6 6. b3 Ncxe5 7. Nxe5 Nxe5 8. Bb2 Qe7 9. Nc3 O-O 10. Nd5 d6 11. Qd2 a5 12. Qc3 f6 13. O-O-O Re8 14. Be2 Ba3 15. Nxf6+ Qxf6 16. Bxa3 Qxf2 17. Rhf1 1-0

[Event "Open"]
[Site "Winterthur"]
[Date "2003.10.06"]
[Round "4"]
[White "Kelecevic, Nedeljko"]
[Black "Miezis, Normunds"]
[Result "0-1"]
[WhiteElo "2379"]
[BlackElo "2525"]
[PlyCount "68"]
[EventDate "2003.10.03"]
[Source "Roberto Alvarez"]
[SourceDate "2003.10.20"]

1. d4 Nf6 2. c4 e5 3. dxe5 Ng4 4. Nf3 Bc5 5. e3 Nc6 6. a3 a5 7. Bd2 O-O 8. Bc3 Re8 9. Nbd2 Ncxe5 10. Nxe5 Nxe5 11. b4 Bf8 12. Be2 Ra6 13. Nf3 Nxf3+ 14. Bxf3 axb4 15. Bxb4 Qh4 16. Bxf8 Rxe3+ 17. Kf1 Rxf3 18. Qxf3 Qxc4+ 19. Qe2 Qxe2+ 20. Kxe2 Kxf8 21. Rhc1 c6 22. a4 Ra5 23. Kd3 Ke7 24. Re1+ Kd8 25. Kc4 b6 26. Ra3 d5+ 27. Kd4 Be6 28. Rb1 Kc7 29. f4 f6 30. Ke3 Bf5 31. Rb2 h5 32. Rab3 Ra6 33. a5 b5 34. Ra3 Kd6 0-1

[Event "Vrnjacka Banja"]
[Site "Vrnjacka Banja"]
[Date "1981.??.??"]
[Round "2"]
[White "Schmidt, Wlodzimierz"]
[Black "Haik, Aldo"]
[Result "1/2-1/2"]
[WhiteElo "2495"]
[BlackElo "2405"]
[PlyCount "23"]
[EventDate "1981.04.??"]
[Source "ChessBase"]

1. d4 Nf6 2. c4 e5 3. dxe5 Ng4 4. Nf3 Bc5 5. e3 Nc6 6. Be2 Ngxe5 7. Nxe5 Nxe5 8. O-O O-O 9. Nc3 Re8 10. b3 d6 11. Bb2 Bd7 12. Nd5 1/2-1/2

[Event "New York USA"]
[Site "?"]
[Date "1996.??.??"]
[Round "4"]
[White "Gamboa Nelson"]
[Black "Blatny Pavel"]
[Result "0-1"]
[WhiteElo "2410"]
[BlackElo "2490"]
[PlyCount "59"]
[EventDate "1996.??.??"]
[Source "www.chesslib.no"]
[SourceDate "2004.05.04"]

1. d4 Nf6 2. c4 e5 3. dxe5 Ng4 4. Nf3 Bc5 5. e3 Nc6 6. Nc3 O-O 7. Bd3 Re8 8. a3 Ngxe5 9. b4 Nxf3+ 10. Qxf3 Ne5 11. Qe2 Nxd3+ 12. Qxd3 Bd6 13. O-O b6 14. Ra2 a5 15. b5 Bb7 16. Re2 Bxh2+ 17. Kxh2 Qh4+ 18. Kg1 Bxg2 19. Kxg2 Qg4+ 20. Kh2 Re5 21. Qd5 Qh5+ 22. Kg1 Rg5+ 23. Qxg5 Qxg5+ 24. Kh1 Qf6 25. Kh2 Qf3 26. Kg1 Re8 27. Rd2 Qg4+ 28. Kh1 Re6 29. f3 Qh3+ 30. Kg1 0-1

[Event "Ch (Men) Tallinn EST"]
[Site "?"]
[Date "2006.03.10"]
[Round "2"]
[White "Sepp Olav"]
[Black "Seeman Tarvo"]
[Result "1/2-1/2"]
[WhiteElo "2464"]
[BlackElo "2422"]
[PlyCount "88"]
[EventDate "2006.??.??"]
[Source "www.chesslib.no"]
[SourceDate "2004.05.04"]

1. d4 Nf6 2. c4 e5 3. dxe5 Ng4 4. Nf3 Bc5 5. e3 Nc6 6. Be2 O-O 7. O-O Ncxe5 8. Nxe5 Nxe5 9. Nc3 Re8 10. Kh1 d6 11. Na4 Bb4 12. a3 Ba5 13. b4 Bb6 14. Bb2 Bd7 15. Nxb6 axb6 16. f4 Ng6 17. Qd4 Qf6 18. Qd2 Qe7 19. f5 Qxe3 20. Qxe3 Rxe3 21. fxg6 Rxe2 22. gxf7+ Kf8 23. Bd4 Bc6 24. Rf2 Rxf2 25. Bxf2 Kxf7 26. Kg1 Re8 27. b5 Bd7 28. a4 Re4 29. c5 dxc5 30. Bg3 c6 31. bxc6 Bxc6 32. Bc7 Rxa4 33. Rxa4 Bxa4 34. Bxb6 c4 35. Kf2 Ke6 36. Ke3 Kd5 37. Kd2 Bd7 38. Kc3 g5 39. h3 h5 40. Bd8 g4 41. hxg4 Bxg4 42. g3 b5 43. Be7 Bf3 44. Bb4 Bg4 1/2-1/2

[Event "Rio Hondo"]
[Site "Rio Hondo"]
[Date "1987.??.??"]
[Round "7"]
[White "Quinteros, Miguel A"]
[Black "Szmetan, Jorge"]
[Result "1/2-1/2"]
[WhiteElo "2490"]
[BlackElo "2390"]
[PlyCount "109"]
[EventDate "1987.09.??"]
[Source "www.chesslib.no"]
[SourceDate "2004.05.04"]

1. d4 Nf6 2. c4 e5 3. dxe5 Ng4 4. Nf3 Bc5 5. e3 Nc6 6. Be2 Ngxe5 7. Nc3 O-O 8. b3 a5 9. O-O Nxf3+ 10. Bxf3 Ne5 11. Be2 Ra6 12. f4 Ng6 13. Kh1 Re8 14. e4 b6 15. Bd3 Bb7 16. Bb2 Bd4 17. Qc2 a4 18. bxa4 Ra5 19. Rae1 d6 20. Qd2 Nf8 21. Bc2 Bf6 22. Ba3 Nd7 23. Nd5 Bxd5 24. cxd5 Ra7 25. Bb4 g6 26. a3 Qa8 27. Bd3 Nc5 28. Bb5 Re7 29. Qc2 Qf8 30. Re2 Bd4 31. Rfe1 Qg7 32. Bc6 h6 33. Rd1 Kh7 34. Rde1 Qf6 35. Rf1 Qg7 36. g3 h5 37. h3 h4 38. g4 g5 39. e5+ Kh8 40. exd6 cxd6 41. Rfe1 Qf6 42. Bd2 Rxe2 43. Rxe2 Re7 44. Bb5 gxf4 45. Rxe7 Qxe7 46. Qf5 Kg8 47. Qxf4 Ne4 48. Bc1 Bf6 49. Bd3 Bg5 50. Qxe4 Qxe4+ 51. Bxe4 Bxc1 52. Kg2 Kg7 53. Bd3 Kf6 54. Bb5 Ke5 55. Bc6 1/2-1/2

[Event "Leningrad Ch"]
[Site "Leningrad RUS"]
[Date "1987.??.??"]
[Round "?"]
[White "Taimanov, Mark E"]
[Black "Epishin, Vladimir V"]
[Result "1/2-1/2"]
[WhiteElo "2480"]
[BlackElo "2400"]
[PlyCount "70"]
[EventDate "1987.??.??"]
[Source "www.chesslib.no"]
[SourceDate "2004.05.04"]

1. d4 Nf6 2. c4 e5 3. dxe5 Ng4 4. Nf3 Bc5 5. e3 Nc6 6. Be2 Ngxe5 7. O-O O-O 8. Nc3 Nxf3+ 9. Bxf3 Ne5 10. Be2 Re8 11. a3 a5 12. Na4 Bf8 13. e4 b6 14. Be3 Bb7 15. f3 Ng6 16. Qd2 Bc6 17. Nc3 Bc5 18. Rf2 d6 19. Rd1 Bxe3 20. Qxe3 f5 21. b4 axb4 22. axb4 Qf6 23. Qc1 fxe4 24. fxe4 Qe5 25. c5 bxc5 26. Bc4+ Kh8 27. Rf5 Qe7 28. bxc5 dxc5 29. Rf7 Qe5 30. Rf5 Qe7 31. Rf7 Qh4 32. Rxc7 Ne5 33. Be2 Re7 34. Rxe7 Qxe7 35. Qe3 Rf8 1/2-1/2

[Event "Malaga"]
[Site "Malaga"]
[Date "1987.??.??"]
[Round "?"]
[White "Giorgadze, Tamaz"]
[Black "Alvarez, R."]
[Result "1-0"]
[WhiteElo "2505"]
[BlackElo "2370"]
[PlyCount "83"]
[EventDate "1987.03.??"]
[Source "www.chesslib.no"]
[SourceDate "2004.05.04"]

1. d4 Nf6 2. c4 e5 3. dxe5 Ng4 4. Nf3 Bc5 5. e3 Nc6 6. Be2 O-O 7. O-O Re8 8. Nc3 Ncxe5 9. Nxe5 Nxe5 10. Ne4 Bf8 11. Ng3 d6 12. f4 Nd7 13. e4 Nc5 14. Bf3 g6 15. Be3 Bg7 16. Bd4 Bxd4+ 17. Qxd4 Ne6 18. Qd2 Qf6 19. Ne2 Rb8 20. g3 b6 21. Rad1 Bb7 22. Nc3 Nc5 23. e5 dxe5 24. Bxb7 Nxb7 25. Nd5 Qd6 26. fxe5 Rxe5 27. Nf6+ Kg7 28. Qxd6 Nxd6 29. Nd7 Rbe8 30. Nxe5 Rxe5 31. b3 h5 32. Rfe1 Ra5 33. Re2 Nf5 34. Rd5 Ra3 35. Rd7 c5 36. Kg2 h4 37. g4 Nd4 38. Rf2 a5 39. g5 Nf5 40. Ra7 Kf8 41. Re2 Kg7 42. Ra8 1-0

[Event "Vrnjacka Banja"]
[Site "Vrnjacka Banja"]
[Date "1989.??.??"]
[Round "?"]
[White "Skembris, Spyridon"]
[Black "Legky, Nikolay A"]
[Result "0-1"]
[WhiteElo "2455"]
[BlackElo "2420"]
[PlyCount "48"]
[EventDate "1989.04.??"]
[Source "ChessBase"]

1. d4 Nf6 2. c4 e5 3. dxe5 Ng4 4. Nf3 Bc5 5. e3 Nc6 6. Be2 Ngxe5 7. Nxe5 Nxe5 8. O-O O-O 9. Nc3 Re8 10. b3 a5 11. Bb2 Ra6 12. Qd5 Ba7 13. Rad1 Rg6 14. Kh1 c6 15. Qd2 Qh4 16. f4 Rh6 17. h3 Qg3 18. Qe1 Rxh3+ 19. gxh3 Qxh3+ 20. Kg1 Re6 21. Bh5 Qxh5 22. fxe5 Rg6+ 23. Kf2 Qh2+ 24. Kf3 Qg2+ 0-1

[Event "Geneve Open"]
[Site "Geneva SUI"]
[Date "1995.??.??"]
[Round "1"]
[White "Razuvaev, Yuri S"]
[Black "Bardel, Stephan"]
[Result "1-0"]
[WhiteElo "2580"]
[BlackElo "2295"]
[PlyCount "47"]
[EventDate "1995.??.??"]
[Source "www.chesslib.no"]
[SourceDate "2004.05.04"]

1. d4 Nf6 2. c4 e5 3. dxe5 Ng4 4. Nf3 Bc5 5. e3 Nc6 6. Nc3 Ngxe5 7. Nxe5 Nxe5 8. f4 Nc6 9. Bd3 O-O 10. Qh5 f5 11. Bxf5 Rxf5 12. Qxf5 d6 13. Qd5+ Kh8 14. a3 Qh4+ 15. g3 Qh3 16. b4 Bxb4 17. axb4 Nxb4 18. Qd2 Bf5 19. e4 Re8 20. Ba3 Bxe4 21. Nxe4 Rxe4+ 22. Kf2 Rxf4+ 23. gxf4 Nd3+ 24. Ke2 1-0

[Event "Berliner Sommer"]
[Site "Berlin"]
[Date "1996.??.??"]
[Round "3"]
[White "Boensch, Uwe"]
[Black "Sadiku, Bedri"]
[Result "1-0"]
[WhiteElo "2525"]
[BlackElo "2350"]
[PlyCount "90"]
[EventDate "1996.08.??"]
[Source "ChessBase"]

1. d4 Nf6 2. c4 e5 3. dxe5 Ng4 4. Nf3 Bc5 5. e3 Nc6 6. Be2 Ngxe5 7. Nxe5 Nxe5 8. O-O O-O 9. Nc3 d6 10. Na4 a6 11. Nxc5 dxc5 12. b3 Qf6 13. Bb2 Nf3+ 14. Bxf3 Qxb2 15. Qd5 Qa3 16. Qe5 Qa5 17. Rfd1 c6 18. a3 Qb6 19. Rd3 Be6 20. Rad1 Rae8 21. Qc3 Bf5 22. Rd6 h6 23. b4 Be6 24. h3 cxb4 25. axb4 Qc7 26. c5 Rd8 27. e4 Rde8 28. Ra1 Ra8 29. Ra3 a5 30. Qe5 Rac8 31. Bh5 Qe7 32. Bg4 Rfe8 33. Bxe6 fxe6 34. bxa5 Qc7 35. f4 Ra8 36. Rg3 Re7 37. Rg6 Qxa5 38. Kh2 Qa1 39. Qh5 Qc1 40. Qxh6 e5 41. Rde6 Rf7 42. Ref6 Raf8 43. Rg4 exf4 44. Rfxf4 Qc3 45. Qe6 Qxc5 1-0

[Event "Campionato georgiano fem 2007"]
[Site "Tbilisi GEO"]
[Date "2007.03.13"]
[Round "11"]
[White "Khurtsidze, N."]
[Black "Gvetadze, Sopi"]
[Result "1/2-1/2"]
[WhiteElo "2451"]
[BlackElo "2416"]
[PlyCount "30"]
[EventDate "2007.03.02"]
[Source "www.chesslib.no"]
[SourceDate "2004.05.04"]

1. d4 Nf6 2. c4 e5 3. dxe5 Ng4 4. Nf3 Nc6 5. e3 Ngxe5 6. Be2 Bb4+ 7. Bd2 Bxd2+ 8. Qxd2 O-O 9. Nc3 d6 10. O-O Bg4 11. Nxe5 Nxe5 12. Bxg4 Nxg4 13. h3 Nf6 14. Rfd1 a5 15. Nd5 Ne4 1/2-1/2